Responses for Show #6394 - Thursday, June 7, 2012

Contestants

[<< previous game]

Sarah Fowlkes, an attorney from Brooklyn, New York

Chris Dunn, a billing director from Shepherdsville, Kentucky

Ernest Niño-Murcia, a court interpreter originally from Iowa City, Iowa (whose 1-day cash winnings total $11,599)

[next game >>]

Jeopardy! Round responses

IT'S THE BIGGEST IN AREA
I NEED SOME SPACE
U.S.A. TOUR
FOOD STUFF
INTERNET SLANG
ANTIHEROES
    $200 20
(Chris: What is Los Angeles County?)

San Bernardino County

ChrisSarah
    $200 11
the moon

Triple Stumper
    $200 14
pretzels

Sarah
    $200 6
(wild) rice

Ernest
    $200 1
behind closed doors

Ernest
    $200 15
Dirty Harry

Chris
    $400 27
Scotland

Chris
    $400 12
Neptune

Sarah
    $400 22
the Kennedy Space Center

Ernest
    $400 7
Twinkies

Chris
    $400 2
waste of time

Ernest
    $400 16
New York

Chris
    $600 28
(Ernest: What is Black Sea?)

Coral Sea

ErnestChris
    $600 13
constellations

Chris
    $600 23
the kazoo

Chris
    $600 8
butter plate (dessert plate accepted)

Chris
    $600 3
keyboard

Sarah
    $600 17
Rorschach

Triple Stumper
    $800 29
the Gobi

Sarah
    $800 21
Poseidon

Chris
    $800 24
the U.S. Mint

Chris
    $800 9
(Ernest: What is pot roast?)

prime rib

ErnestChris
    $800 4
i'm talking about

Ernest
    $800 18
Drive

Ernest
    $1000 30
Sardinia

Sarah
    $1000 26
(Sarah: Who is Richman?)

Scott Carpenter

Sarah
Triple Stumper
    $1000 25
John Deere

Ernest
    $1,500 10
kimchi

Chris
    $1000 5
quietly to myself

Chris
    $1000 19
Travis Bickle

Chris

Scores at the first commercial break (after clue 15):

Ernest Chris Sarah
$800 $5,100 $1,200

Scores at the end of the Jeopardy! Round:

Ernest Chris Sarah
$2,400 $9,500 $2,200

Double Jeopardy! Round responses

COLORFUL LYRICS FROM COLORFUL SONGS
ALMOST-FORGOTTEN WARS
PAINTERS & PAINTINGS
11-LETTER WORDS
AUTHORS' TRILOGIES
AUNTIE HEROES
    $400 6
"Yellow Submarine"

Ernest
    $400 30
soccer

Chris
    $400 16
Guernica

Ernest
    $400 1
co-defendant

Ernest
    $400 11
(Elie) Wiesel

Sarah
    $400 21
the Buddha

Ernest
    $800 7
"Roses Are Red"

Ernest
    $800 29
(Sarah: What is Canada?)
(Chris: What is France?)

United States

ChrisSarah
Triple Stumper
    $800 17
Diego Rivera

Sarah
    $800 2
ingratitude

Sarah
    $800 12
(Chris: Who is Simon?)

Harvey Fierstein

Chris
Triple Stumper
    $800 22
John Lennon

Sarah
    $1200 8
"White Rabbit"

Chris
    $1200 26
Missouri

Chris
    $1200 18
Canal

Sarah
    $1200 3
fingernails

Triple Stumper
    $1200 13
Aeschylus

Sarah
    $1200 23
(Coco) Chanel

Chris
    $1600 9
"Yellow Brick Road"

Ernest
    $3,000 27
(Chris: What is Ireland?)

Iceland

Chris
    $1600 19
Vermeer

Sarah
    $1600 4
to matriculate

Ernest
    $1600 14
Anne Rice

Triple Stumper
    $1600 24
Ethel Barrymore

Sarah
    $2000 10
"Brown Sugar"

Ernest
    $2000 28
Robert Jenkins

Triple Stumper
    $4,000 20
Mary Cassatt

Sarah
    $2000 5
dehydration

Ernest
    $2000 15
(John) Dos Passos

Sarah
    $2000 25
Tolstoy

Sarah

Scores at the end of the Double Jeopardy! Round:

Ernest Chris Sarah
$12,000 $8,900 $17,800

[wagering suggestions for these scores]

Final Jeopardy! Round responses

THE ARTS
ChrisWhat is the Bolshoi Ballet?
$0
ErnestWhat is Reds?
$11,999
SarahWhat is the Bolshoi?
$8,000
Ballet Russe (Ballet Russe de Monte Carlo)

Final scores:

Ernest Chris Sarah
$1 $8,900 $9,800
3rd place: $1,000 2nd place: $2,000 New champion: $9,800

Game dynamics:

Coryat scores:

Ernest Chris Sarah
$12,000 $11,400 $15,800
16 R,
2 W
18 R
(including 1 DD),
4 W
(including 1 DD)
17 R
(including 1 DD),
2 W

Combined Coryat: $39,200

[game clues] [game scores] [suggest correction]

Game tape date: 2012-02-07
The J! Archive is created by fans, for fans. Scraping, republication, monetization, and malicious use prohibited; this site may use cookies and collect identifying information. See terms. The Jeopardy! game show and all elements thereof, including but not limited to copyright and trademark thereto, are the property of Jeopardy Productions, Inc. and are protected under law. This website is not affiliated with, sponsored by, or operated by Jeopardy Productions, Inc. Join the discussion at JBoard.tv.